01987nam a2200241Ia 4500001000600000003000900006008004100015040001300056040001300069041001300082100002200095100002900117245003900146245003800185250001100223260001100234260001200245260004900257300005700306500132700363650002401690650003101714G8038IT-RoPAU130308s9999 xx 000 0 und d aIT-RoPAU cIT-RoPAU aITALIANO aCraveri Benedetta gCodice Aut. SPICS: 55759 aCiviltà della conversazione (La) bCivilta' della Conversazione (La) a2a ed. aMILANO bAdelphi c2001 [1° Ed.:2001 - Ed.Ling.Originale:2001] a"656 p. (prefazione: no ; testo: 656 [pagine: 0-0])" aNel Seicento e Settecento, L'Aristocrazia Allontanata dal Potere Politico spese le Sue Energie nell'Elaborare un Nuovo Modo di Vivere. con l'aiuto Dialcuni geni della Socievolezza, Quasi Sempre Donne Maestre di Eleganza e di Psicologia, Creo' una corrente Impetuosa che Attraverso' Due secoli e Riusci' a Plasmare molte forme della Vita Sociale e Intellettuale e si Infranse contro Lo Sbarramento della Rivoluzione. L'Arte di Stare insieme basata Sulla seduzione e Sul piacere Reciproco. Una certa Maniera di Vivere. Le Figlie di Eva. La camera Azzurra. Vincent Voiture. madame De Longueville. La Duchessa di Montbazon e Il riformatore della Trappa. La Marchesa di Sable' Eil salotto nel Convento: Fondatrici del Giansenismo, Amicizia Come Passione, All'Ombra di Port Royal, Gioco delle Massime. Mademoiselle De Montpellier. madame De Sevigne' e madame De la Fayette: una Lunga Amicizia. madame Dela Sabliere: L'Assoluto del Sentimento. madame De Mainternon e Ninon De Lenclos: importanza della Reputazione. Esprit De Societe': carattere della Nazione, Corte Come Teatro, rivincita di Parigi. Marchesa di Lambert: ideale dell'Honnete Femme. madame De Tencin: Avventuriera dei Lumi. sotto Il Segnodell'Emulazione. Civiltà della Conversazione: piacere della Parola, inganni della Parola, Potere della Parola. Bibliografia. aSAGGI DI SOCIOLOGIA eCodice materia Spics: 3657